000 00285 a2200145 4500
001 161520
020 _a
040 _cMagnum
100 _aMinisterio da Educacao e Cultura
240 1 0 _aO esporte
_lpor
245 1 0 _aO esporte
362 0 _a1899
697 _aGERAL
942 _cBK
999 _c161520
_d161520